[Event "East Lansing (Beg/3/2)"]
[Site "?"]
[Date "1995.??.??"]
[Round "?"]
[White "Jacobs, Ron"]
[Black "Quander, M."]
[Result "0-1"]
[WhiteElo "1605"]
[BlackElo "1605"]
[PlyCount "84"]
[EventDate "1995.??.??"]

{3/(2)} 1. e4 e5 2. Nf3 Nc6 3. Bc4 Bc5 4. Nc3 Nf6 5. Nd5 Nxe4 6. Qe2 Nf6 7. d4
Nxd4 8. Nxd4 Bxd4 9. Bg5 e4 10. Nxf6+ Bxf6 11. Qxe4+ Qe7 12. Qxe7+ Bxe7 13. Bf4
Bf6 14. c3 c6 15. O-O O-O 16. Rae1 d5 17. Bd3 Be6 18. Be5 Bxe5 19. Rxe5 Rfe8
20. Rfe1 Bd7 21. c4 Rxe5 22. Rxe5 Re8 23. Re2 Rxe2 24. Bxe2 Kf8 25. cxd5 cxd5
26. Bf3 Bc6 27. Kf1 Ke7 28. Ke1 Ke6 29. Ke2 d4 30. Bxc6 bxc6 31. Kd3 c5 32. b3
Kd5 33. h4 h5 34. f3 f6 35. g4 g6 36. g5 fxg5 37. hxg5 h4 38. f4 h3 39. f5 h2
40. fxg6 h1=Q 41. g7 Qf3+ 42. Kc2 Qf7 0-1

[Event "Gaylord (NMO/3/20)"]
[Site "?"]
[Date "1995.??.??"]
[Round "?"]
[White "Jacobs, Ron"]
[Black "Pierson, John"]
[Result "0-1"]
[WhiteElo "1605"]
[BlackElo "1605"]
[PlyCount "60"]
[EventDate "1995.??.??"]

{3/(20)} 1. e4 e5 2. Nf3 Nc6 3. Bc4 Nd4 4. Nxe5 Qg5 5. Nf3 Qxg2 6. Nxd4 Qxh1+
7. Ke2 Qxe4+ 8. Kf1 Qxd4 9. d3 d5 10. Qe1+ Be7 11. Be3 Bh3+ 12. Ke2 Qxb2 13.
Nc3 dxc4 14. dxc4 O-O-O 15. Rb1 Qxc2+ 16. Bd2 Rxd2+ 17. Qxd2 Qxd2+ 18. Kxd2
Bg5+ 19. Ke1 Nf6 20. Nb5 Re8+ 21. Kd1 Kb8 22. Rb3 Rd8+ 23. Kc2 Rd2+ 24. Kc3
Ne4+ 25. Kb4 a5+ 26. Ka3 Be7+ 27. Ka4 Rxa2+ 28. Na3 Nc5+ 29. Kxa5 Nxb3+ 30. Kb5
Bd7# 0-1

[Event "Grand Rapids (MI Am/5/39)"]
[Site "?"]
[Date "1995.??.??"]
[Round "?"]
[White "Jacobs, Ron"]
[Black "Nemecek, A."]
[Result "1/2-1/2"]
[WhiteElo "1605"]
[BlackElo "1605"]
[PlyCount "104"]
[EventDate "1995.??.??"]

{5/(39)} 1. e4 Nf6 2. e5 Nd5 3. d4 d6 4. Nf3 Bg4 5. Nbd2 e6 6. h3 Bxf3 7. Nxf3
Nc6 8. Bb5 Be7 9. O-O dxe5 10. dxe5 Qd7 11. Re1 O-O-O 12. a3 Nb6 13. Be3 Qd5
14. Qxd5 Rxd5 15. Bxc6 bxc6 16. b3 f6 17. Rad1 fxe5 18. Rxd5 cxd5 19. Nxe5 Rf8
20. a4 c5 21. a5 d4 22. axb6 dxe3 23. fxe3 Kb7 24. bxa7 Bd6 25. Nc4 Bc7 26. e4
e5 27. Rf1 Rxf1+ 28. Kxf1 Kxa7 29. g4 g5 30. Ke2 Ka6 31. Kd1 Kb5 32. Kc1 Kb4
33. Kb2 Bb8 34. c3+ Kb5 35. Na3+ Ka5 36. c4 Bd6 37. Nc2 Be7 38. Ne3 Bd6 39. Nd5
Bf8 40. Nf6 h6 41. Nd7 Bd6 42. Nf6 Bf8 43. Nh5 Be7 44. Ng3 Bd6 45. Ne2 Be7 46.
Nc3 Bd6 47. Nd5 Bf8 48. Nc7 Bd6 49. Nb5 Be7 50. Kc3 Bf8 51. Na3 Bd6 52. Nc2 Bf8
1/2-1/2

[Event "Gaylord (NMO/1/18)"]
[Site "?"]
[Date "1995.??.??"]
[Round "?"]
[White "Jacobs, Ron"]
[Black "Jones, W."]
[Result "0-1"]
[WhiteElo "1605"]
[BlackElo "1605"]
[PlyCount "60"]
[EventDate "1995.??.??"]

{1/(18)} 1. e4 d5 2. exd5 Nf6 3. d4 Nxd5 4. c4 Nb6 5. Nf3 Bg4 6. Nbd2 e6 7. Be2
Bb4 8. O-O O-O 9. b3 N8d7 10. a3 Bc3 11. Ra2 Nf6 12. Bb2 Bxb2 13. Rxb2 Qe7 14.
Ra2 Rad8 15. h3 Bxf3 16. Nxf3 Ne4 17. Qc2 f5 18. Bd3 Ng5 19. Nxg5 Qxg5 20. c5
Nd5 21. Re1 Nf4 22. g3 Nxh3+ 23. Kf1 Rf6 24. Re5 Rxd4 25. Bc4 Qh6 26. Ra1 Rd2
27. Rxe6 Rxe6 28. Bxe6+ Kh8 29. Qxf5 Rxf2+ 30. Ke1 Qd2# 0-1

[Event "East Lansing (Beg/5/4)"]
[Site "?"]
[Date "1995.??.??"]
[Round "?"]
[White "Jacobs, Ron"]
[Black "Charette, B."]
[Result "0-1"]
[WhiteElo "1605"]
[BlackElo "1605"]
[PlyCount "50"]
[EventDate "1995.??.??"]

{5/(4)} 1. e4 Nc6 2. Nf3 Nf6 3. Nc3 e6 4. d4 Bb4 5. Bd3 O-O 6. O-O d6 7. Be3
Ng4 8. d5 exd5 9. exd5 Nce5 10. Nxe5 dxe5 11. Bc4 Nxe3 12. fxe3 Qg5 13. Qe2 Bc5
14. Rf3 Bg4 15. Ne4 Bxf3 16. Qxf3 Qxe3+ 17. Kh1 Qxf3 18. gxf3 Be3 19. Re1 Bf4
20. b3 f5 21. d6+ Kh8 22. Nc5 cxd6 23. Ne6 Rf6 24. Rd1 e4 25. Rxd6 Bxd6 0-1

[Event "Grand Rapids (MI Am/4/41)"]
[Site "?"]
[Date "1995.??.??"]
[Round "?"]
[White "Jacobs, Ron"]
[Black "Arenson, Kevin"]
[Result "1/2-1/2"]
[WhiteElo "1605"]
[BlackElo "1605"]
[PlyCount "122"]
[EventDate "1995.??.??"]

{4/(41)} 1. e4 e5 2. Nf3 Nf6 3. Nxe5 Qe7 4. d4 d6 5. Nf3 Nxe4 6. Be2 Bf5 7. O-O
Nc6 8. c3 O-O-O 9. Nbd2 Re8 10. Nxe4 Qxe4 11. Re1 Qc2 12. Qd2 Qxd2 13. Bxd2 g6
14. Bb5 Bg7 15. Bxc6 bxc6 16. Rxe8+ Rxe8 17. Re1 Rxe1+ 18. Nxe1 h6 19. g3 Kd7
20. f4 Be4 21. Kf2 f5 22. Ng2 Ke7 23. Ne1 d5 24. Ke3 Bf6 25. Nd3 Bxd3 26. Kxd3
Kd6 27. b4 Be7 28. Kc2 g5 29. fxg5 Bxg5 30. Bxg5 hxg5 31. Kd3 f4 32. gxf4 gxf4
33. Ke2 Ke6 34. Kf3 Kf5 35. h4 a6 36. h5 Kg5 37. h6 Kxh6 38. Kxf4 Kg6 39. a4
Kf6 40. Ke3 Ke6 41. Kd3 Kd7 42. a5 Kd6 43. Kc2 c5 44. bxc5+ Kc6 45. Kb3 Kb5 46.
Ka3 Kxa5 47. Kb3 Kb5 48. Ka3 c6 49. Kb3 a5 50. Ka3 Kc4 51. Ka4 Kxc3 52. Kxa5
Kxd4 53. Kb6 Kc4 54. Kxc6 d4 55. Kb6 d3 56. c6 d2 57. c7 d1=Q 58. c8=Q+ Kb3 59.
Qe6+ Kb2 60. Qe5+ Kb1 61. Qb5+ Kc1 1/2-1/2

[Event "Eastpointe (EDO/4/16)"]
[Site "?"]
[Date "1995.??.??"]
[Round "?"]
[White "Jackson, M."]
[Black "Wensink, E."]
[Result "0-1"]
[WhiteElo "1605"]
[BlackElo "1605"]
[PlyCount "80"]
[EventDate "1995.??.??"]

{4/(16)} 1. d4 d5 2. Nc3 Nf6 3. Bg5 e6 4. Bxf6 gxf6 5. e4 dxe4 6. Nxe4 Nc6 7.
Qf3 f5 8. Ng3 Nxd4 9. Qd3 Bh6 10. Rd1 Nc6 11. Qxd8+ Nxd8 12. Bb5+ c6 13. Bd3 f4
14. Ne4 O-O 15. Nf6+ Kh8 16. Bxh7 Bg7 17. Nh5 Kxh7 18. Nxg7 Kxg7 19. Nh3 e5 20.
Ng5 Bf5 21. O-O Ne6 22. Nxe6+ Bxe6 23. Rfe1 Rad8 24. Rxd8 Rxd8 25. Kf1 Bc4+ 26.
Kg1 Rd2 27. g3 f3 28. b3 Re2 29. Rxe2 Bxe2 30. c4 a5 31. h4 Kg6 32. Kh2 e4 33.
Kg1 c5 34. a4 Bd1 35. b4 cxb4 36. c5 b3 37. Kf1 b2 38. Ke1 b1=Q 39. Kd2 Qc2+
40. Ke3 Qd3+ 0-1

[Event "Eastpointe (EDO/2/16)"]
[Site "?"]
[Date "1995.??.??"]
[Round "?"]
[White "Jackson, M."]
[Black "Iyer, Krishnan"]
[Result "0-1"]
[WhiteElo "1605"]
[BlackElo "1605"]
[PlyCount "102"]
[EventDate "1995.??.??"]

{2/(16)} 1. d4 d5 2. Nc3 Nf6 3. Bg5 Nc6 4. Nf3 e6 5. e3 Be7 6. Bb5 O-O 7. O-O
a6 8. Bxc6 bxc6 9. Ne5 Qd6 10. Bxf6 Bxf6 11. Ng4 Be7 12. Ne2 f6 13. Nf4 Qd7 14.
Qf3 e5 15. Nh5 Qxg4 16. Qxg4 Bxg4 17. Ng3 Rab8 18. Rab1 c5 19. dxe5 fxe5 20. f3
Be6 21. f4 exf4 22. exf4 Bd6 23. f5 Bd7 24. Rf3 Bxg3 25. hxg3 Bxf5 26. g4 Be4
27. Rxf8+ Kxf8 28. Rf1+ Ke7 29. Re1 Rxb2 30. c4 Rxg2+ 31. Kf1 Rxg4 32. cxd5 Kd6
33. Kf2 Bxd5 34. Rd1 c6 35. Ke3 Ra4 36. Rd2 Rxa2 37. Rxa2 Bxa2 38. Kd2 h5 39.
Ke3 h4 40. Kf2 c4 41. Kg2 c3 42. Kh3 c2 43. Kxh4 c1=Q 44. Kh5 Bf7+ 45. Kg4 Ke5
46. Kf3 Be6 47. Kf2 Qc3 48. Ke2 Ke4 49. Kf2 Qe3+ 50. Kg2 Kf4 51. Kh2 Qg3+ 0-1

[Event "Eastpointe (EDO/2/14)"]
[Site "?"]
[Date "1995.??.??"]
[Round "?"]
[White "Jackson, K."]
[Black "Wright, Ken"]
[Result "1-0"]
[WhiteElo "1605"]
[BlackElo "1605"]
[PlyCount "75"]
[EventDate "1995.??.??"]

{2/(14)} 1. d4 d5 2. c4 Nf6 3. Nc3 Bf5 4. e3 e6 5. Nf3 Bb4 6. Bd2 Nc6 7. Be2
Qe7 8. O-O Bxc3 9. Bxc3 Ne4 10. Qb3 Rb8 11. cxd5 Nxc3 12. bxc3 exd5 13. Qxd5
Be6 14. Qe4 f5 15. Qd3 O-O 16. d5 Rbd8 17. c4 Na5 18. Qc3 b6 19. dxe6 Qxe6 20.
c5 Kh8 21. cxb6 cxb6 22. Ng5 Qe7 23. Nf3 Rf6 24. Nd4 Qe5 25. Rfd1 Rfd6 26. Qc7
Qd5 27. h3 R6d7 28. Qf4 g6 29. h4 Re8 30. Nb5 Qe6 31. Rxd7 Qxd7 32. Rd1 Qe6 33.
Nc7 Qe4 34. Nxe8 Qxe8 35. Qd4+ Kg8 36. Qd8 Kf7 37. Rd7+ Kf8 38. Qf6+ 1-0

[Event "Ann Arbor (MI Women/2/1)"]
[Site "?"]
[Date "1995.??.??"]
[Round "?"]
[White "Jackson, K."]
[Black "Skidmore, Jennifer"]
[Result "0-1"]
[WhiteElo "1605"]
[BlackElo "1945"]
[PlyCount "70"]
[EventDate "1995.??.??"]

{2/(1)} 1. d4 d5 2. c4 e6 3. Nc3 c6 4. Nf3 dxc4 5. e4 b5 6. d5 Bb4 7. dxe6
Qxd1+ 8. Kxd1 Bxe6 9. Bd2 Nf6 10. Be2 O-O 11. e5 Bxc3 12. Bxc3 Ne4 13. Bd4 Rd8
14. Kc2 c5 15. Be3 Nc6 16. Rad1 Nb4+ 17. Kb1 c3 18. Rxd8+ Rxd8 19. a3 Nd3 20.
Rd1 c4 21. Nd4 Nxb2 22. Rc1 a6 23. f3 Nd2+ 24. Bxd2 cxd2 25. Nxe6 dxc1=Q+ 26.
Kxc1 fxe6 27. Kxb2 Rd2+ 28. Kc3 Rxe2 29. Kb4 Rxg2 30. Ka5 c3 31. Kxa6 c2 32.
Kxb5 c1=Q 33. a4 Rb2+ 34. Ka6 Qc6+ 35. Ka7 Qb7# 0-1

[Event "Detroit (WCO/4/12)"]
[Site "?"]
[Date "1995.??.??"]
[Round "?"]
[White "Jackson, K."]
[Black "Shaw, L."]
[Result "1/2-1/2"]
[WhiteElo "1605"]
[BlackElo "1605"]
[PlyCount "62"]
[EventDate "1995.??.??"]

{4/(12)} 1. d4 d5 2. c4 Nf6 3. Nc3 e6 4. e3 Bb4 5. Bd2 Bxc3 6. Bxc3 O-O 7. Nf3
Nc6 8. Be2 a6 9. O-O Bd7 10. Ne5 Nxe5 11. dxe5 Ne4 12. cxd5 exd5 13. Qxd5 Nxc3
14. bxc3 c6 15. Qd3 Re8 16. f4 b5 17. Qe4 g6 18. Bd3 Qc8 19. h3 Bf5 20. Qd4 Rd8
21. Qc5 Rd5 22. Bxf5 Rxc5 23. Bxc8 Rxc8 24. Rac1 Re8 25. g4 h6 26. Rf3 Kg7 27.
a3 Rc4 28. h4 Rg8 29. Kg2 h5 30. Kh3 Rh8 31. g5 Re8 1/2-1/2

[Event "Troy (US Am N/6/31)"]
[Site "?"]
[Date "1995.??.??"]
[Round "?"]
[White "Jackson, K."]
[Black "Rosebrook, G."]
[Result "1-0"]
[WhiteElo "1605"]
[BlackElo "1605"]
[PlyCount "103"]
[EventDate "1995.??.??"]

{6/(31)} 1. d4 Nf6 2. c4 d6 3. Nc3 g6 4. e4 Bg7 5. Nf3 Bg4 6. Be2 Bxf3 7. Bxf3
a6 8. O-O c6 9. Re1 Nbd7 10. Bf4 O-O 11. Qd2 Nb6 12. b3 Qd7 13. Bh6 Qc7 14.
Bxg7 Kxg7 15. e5 dxe5 16. dxe5 Nfd7 17. Rad1 Nxe5 18. Qb2 f6 19. Be2 Rad8 20.
f4 Nf7 21. Qc1 Nd6 22. c5 Nf5 23. cxb6 Qxb6+ 24. Kh1 Rxd1 25. Rxd1 Nd4 26. Bf1
Rd8 27. Na4 Qb4 28. Qc5 Qxc5 29. Nxc5 Rd5 30. b4 Nc2 31. Rxd5 cxd5 32. Nxb7
Nxb4 33. a3 Nc2 34. a4 Nb4 35. Kg1 Kf7 36. Kf2 e6 37. Ke3 Ke7 38. g4 Kd7 39.
Nc5+ Kd6 40. Nxa6 Nc6 41. Kd2 Na5 42. Kc3 Kc6 43. f5 gxf5 44. gxf5 e5 45. Bb5+
Kb6 46. Nb8 Kc7 47. Nd7 d4+ 48. Kb4 Nb7 49. Nxf6 Nd6 50. Nd5+ Kb7 51. f6 e4 52.
Kc5 1-0

[Event "Detroit (MI Action/1/2)"]
[Site "?"]
[Date "1995.??.??"]
[Round "?"]
[White "Jackson, K."]
[Black "Rajlich, Vasik"]
[Result "0-1"]
[WhiteElo "1605"]
[BlackElo "2250"]
[PlyCount "61"]
[EventDate "1995.??.??"]

{1/(2)} 1. d4 Nf6 2. c4 g6 3. Nc3 Bg7 4. e4 d6 5. Nf3 O-O 6. Be2 e5 7. d5 a5 8.
O-O Nh5 9. h3 Na6 10. Nh2 Nf4 11. Bxf4 exf4 12. Nf3 Re8 13. Bd3 Nc5 14. Re1 Bd7
15. Bc2 Re7 16. Qd2 Bh6 17. e5 Qf8 18. exd6 cxd6 19. Rxe7 Qxe7 20. Re1 Qf6 21.
Ne4 Nxe4 22. Bxe4 Re8 23. b4 axb4 24. Qxb4 Bc8 25. c5 Bf8 26. c6 bxc6 27. a4 c5
28. Qb5 Qd8 29. a5 Bg7 30. a6 Bc3 31. Re2 0-1

[Event "Eastpointe (EDO/4/14)"]
[Site "?"]
[Date "1995.??.??"]
[Round "?"]
[White "Jackson, K."]
[Black "Manus, J."]
[Result "1-0"]
[WhiteElo "1605"]
[BlackElo "1605"]
[PlyCount "74"]
[EventDate "1995.??.??"]

{4/(14)} 1. e4 e6 2. d4 d5 3. e5 c5 4. c3 Nc6 5. Nf3 Be7 6. Bd3 c4 7. Be2 f6 8.
O-O Qc7 9. Bf4 fxe5 10. dxe5 Bd8 11. Nbd2 Nge7 12. b3 b5 13. a4 O-O 14. axb5
Rxf4 15. bxc6 cxb3 16. Qxb3 Nxc6 17. c4 Na5 18. Qe3 Rf8 19. c5 Nc6 20. Bd3 g6
21. h4 Qg7 22. Ra4 h5 23. g4 a5 24. gxh5 gxh5+ 25. Kh1 Kf7 26. Rg1 Qh8 27. Rg6
Ke7 28. Qg5+ Kd7 29. Rg7+ Be7 30. Bb5 Re8 31. Nd4 Bb7 32. Nxc6 Bxc6 33. Bxc6+
Kxc6 34. Rxe7 Rxe7 35. Qxe7 Qxe5 36. Qd6+ Qxd6 37. cxd6 Kxd6 {[Remainder
illegible; 1-0, 68?]} 1-0

[Event "Troy (US Am N/1/30)"]
[Site "?"]
[Date "1995.??.??"]
[Round "?"]
[White "Jackson, K."]
[Black "Lubben, Don"]
[Result "0-1"]
[WhiteElo "1605"]
[BlackElo "1795"]
[PlyCount "100"]
[EventDate "1995.??.??"]

{1/(30)} 1. d4 d5 2. c4 Nf6 3. Nc3 g6 4. Bg5 Bg7 5. Bxf6 Bxf6 6. cxd5 O-O 7. e4
e5 8. dxe6 Bxe6 9. d5 Bd7 10. Be2 Re8 11. Qc2 Qe7 12. Bf3 c6 13. Nge2 Na6 14.
O-O Rac8 15. Rad1 cxd5 16. exd5 Qd6 17. Rfe1 Bf5 18. Be4 Bd7 19. a3 Nc5 20. Bd3
Nxd3 21. Qxd3 Bg7 22. Nb5 Qb6 23. Nbd4 Qc5 24. Qb3 Bxd4 25. Nxd4 Rxe1+ 26. Rxe1
Qxd4 27. Qxb7 Rc2 28. Rf1 Bf5 29. Qb8+ Kg7 30. Qg3 Rxb2 31. h3 Rd2 32. Qe3 Qxe3
33. fxe3 Rxd5 34. g4 Be6 35. Kf2 Rd2+ 36. Kg3 Ra2 37. h4 Rxa3 38. Kf4 a5 39. e4
a4 40. h5 Rc3 41. hxg6 hxg6 42. Ke5 a3 43. Kd4 Rg3 44. e5 a2 45. Ke4 Rb3 46.
Rd1 Rb1 47. Rd3 a1=Q 48. Ke3 Qxe5+ 49. Kd2 Qe1+ 50. Kc2 Qc1# 0-1

[Event "Detroit (MI Action/3/7)"]
[Site "?"]
[Date "1995.??.??"]
[Round "?"]
[White "Jackson, K."]
[Black "Jointer, William"]
[Result "0-1"]
[WhiteElo "1605"]
[BlackElo "1700"]
[PlyCount "86"]
[EventDate "1995.??.??"]

{3/(7)} 1. d4 Nf6 2. c4 e6 3. Nc3 Bb4 4. Bd2 c5 5. d5 O-O 6. Bg5 exd5 7. Bxf6
Qxf6 8. cxd5 Bxc3+ 9. bxc3 Qxc3+ 10. Qd2 Qxa1+ 11. Qd1 Qxd1+ 12. Kxd1 d6 13.
Nf3 Bf5 14. e3 Nd7 15. Bb5 a6 16. Be2 b5 17. Kc1 Nb6 18. Rd1 Be4 19. g3 Rad8
20. Ng5 Bxd5 21. a3 h6 22. Nh3 Be6 23. Nf4 Bc4 24. Bxc4 Nxc4 25. a4 b4 26. Kc2
Rfe8 27. Kb3 Nb6 28. a5 Nd7 29. Rxd6 Nf6 30. Rxa6 Ra8 31. Rxa8 Rxa8 32. Ka4 Ne4
33. Kb5 b3 34. Nd3 Nxf2 35. Nb2 Ne4 36. a6 Kf8 37. Kb6 Ke7 38. a7 Nd6 39. e4 f6
40. Ka6 c4 41. Na4 Nxe4 42. Kb7 Rxa7+ 43. Kxa7 c3 0-1

[Event "Eastpointe (EDO/3/12)"]
[Site "?"]
[Date "1995.??.??"]
[Round "?"]
[White "Jackson, K."]
[Black "Jointer, William"]
[Result "0-1"]
[WhiteElo "1605"]
[BlackElo "1700"]
[PlyCount "60"]
[EventDate "1995.??.??"]

{3/(12)} 1. d4 Nf6 2. c4 e5 3. d5 Bb4+ 4. Bd2 Qe7 5. a3 Bxd2+ 6. Qxd2 O-O 7.
Nc3 d6 8. e4 Nbd7 9. Be2 Nc5 10. f3 Nb3 11. Qd1 Nxa1 12. Qxa1 c6 13. Nh3 Bxh3
14. gxh3 Nh5 15. O-O Nf4 16. Qc1 Qg5+ 17. Kf2 Nxh3+ 18. Ke1 Qxc1+ 19. Nd1 Nf4
20. Rf2 Nxe2 21. Rxe2 Qxc4 22. dxc6 bxc6 23. Rd2 d5 24. Ne3 Qc1+ 25. Nd1 dxe4
26. fxe4 Rad8 27. Rxd8 Rxd8 28. Ke2 Qxd1+ 29. Ke3 Rd3+ 30. Kf2 Qc2+ 0-1

[Event "Detroit (WCO/5/12)"]
[Site "?"]
[Date "1995.??.??"]
[Round "?"]
[White "Jackson, K."]
[Black "Jenkins, C."]
[Result "1-0"]
[WhiteElo "1605"]
[BlackElo "1605"]
[PlyCount "55"]
[EventDate "1995.??.??"]

{5/(12)} 1. d4 d6 2. c4 Nc6 3. Nc3 Nf6 4. e4 e5 5. d5 Nd4 6. Be2 Be7 7. f4 exf4
8. Qxd4 O-O 9. Bxf4 Bg4 10. e5 dxe5 11. Bxe5 Bxe2 12. Ngxe2 c5 13. dxc6 Qxd4
14. Nxd4 bxc6 15. Nxc6 Rfe8 16. O-O Bc5+ 17. Kh1 Ng4 18. Bd4 Bxd4 19. Nxd4 Rac8
20. Ndb5 a6 21. Nd6 Rxc4 22. Nxc4 Rc8 23. Nd6 Rd8 24. Nxf7 Rd2 25. b3 Nf2+ 26.
Kg1 Ng4 27. Rae1 Rd1 28. Re8# 1-0

[Event "Detroit (MI Action/5/16)"]
[Site "?"]
[Date "1995.??.??"]
[Round "?"]
[White "Jackson, K."]
[Black "Goerke, Jesse"]
[Result "1/2-1/2"]
[WhiteElo "1605"]
[BlackElo "1605"]
[PlyCount "74"]
[EventDate "1995.??.??"]

{5/(16)} 1. d4 d5 2. c4 dxc4 3. Nc3 Nc6 4. e3 Be6 5. d5 Bxd5 6. Nxd5 Nf6 7.
Nxf6+ exf6 8. Qxd8+ Rxd8 9. Bxc4 Nb4 10. Bb3 Nc6 11. Nf3 Bb4+ 12. Bd2 Bxd2+ 13.
Nxd2 O-O 14. O-O Rxd2 15. Rad1 Rxb2 16. Rd7 Rc8 17. Rxf7 Rd8 18. Rd7+ Kf8 19.
Rxd8+ Nxd8 20. Rd1 Ke7 21. g3 Nc6 22. g4 g5 23. Kg2 Nb4 24. Rc1 Kd8 25. Ra1 Ke7
26. Kg3 Kd6 27. h4 Ke5 28. hxg5 fxg5 29. f4+ gxf4+ 30. exf4+ Ke4 31. Re1+ Kd4
32. Re7 Nxa2 33. Bxa2 Rxa2 34. Rxc7 Ra3+ 35. Kh4 b5 36. Rd7+ Kc3 37. Rxh7 Kb4
1/2-1/2

[Event "Detroit (WCO/2/11)"]
[Site "?"]
[Date "1995.??.??"]
[Round "?"]
[White "Jackson, K."]
[Black "Goerke, Jesse"]
[Result "0-1"]
[WhiteElo "1605"]
[BlackElo "1605"]
[PlyCount "150"]
[EventDate "1995.??.??"]

{2/(11)} 1. d4 d5 2. c4 dxc4 3. Nc3 Nc6 4. d5 Ne5 5. e4 e6 6. Qa4+ Bd7 7. Qd1
exd5 8. Qxd5 Bd6 9. Bxc4 Nxc4 10. Qxc4 Be6 11. Qd4 Nf6 12. e5 c5 13. Qxd6 Qxd6
14. exd6 O-O-O 15. Bf4 Nd5 16. Nxd5 Bxd5 17. O-O-O Bxg2 18. Nh3 Bxh1 19. Rxh1
Rd7 20. Kd1 h6 21. Rg1 g5 22. Bg3 f6 23. f4 Rxd6+ 24. Kc2 gxf4 25. Nxf4 Rhd8
26. Be1 Rd4 27. Ne6 Rc4+ 28. Bc3 Re8 29. Kb3 Rh4 30. Nxc5 Rxh2 31. Bxf6 Rh5 32.
Rc1 Re3+ 33. Kb4 b6 34. Ne6+ Kd7 35. Nf8+ Ke8 36. Rc8+ Kf7 37. Nd7 Re4+ 38. Kb3
Rh3+ 39. Bc3 b5 40. a3 a5 41. Rc7 Kg6 42. Rc6+ Kf7 43. Rc5 b4 44. axb4 axb4 45.
Rf5+ Ke6 46. Rb5 bxc3 47. Nc5+ Ke5 48. Nxe4+ Kxe4 49. bxc3 h5 50. Rb4+ Kd5 51.
Rd4+ Kc6 52. Kb4 h4 53. c4 Rh1 54. Kb3 h3 55. Rh4 h2 56. Kb2 Kc5 57. Kc2 Kb4
58. Kd2 Kc5 59. Ke2 Rc1 60. Kd3 h1=Q 61. Rxh1 Rxh1 62. Kc3 Rh3+ 63. Kd2 Kxc4
64. Ke2 Kd4 65. Kf2 Ra3 66. Ke2 Rb3 67. Kf2 Ke4 68. Kg2 Kf4 69. Kh2 Kg4 70. Kg2
Rb2+ 71. Kf1 Kf3 72. Ke1 Rh2 73. Kd1 Ke3 74. Kc1 Kd3 75. Kb1 Kc3 0-1

[Event "Troy (US Am N/3/45)"]
[Site "?"]
[Date "1995.??.??"]
[Round "?"]
[White "Jackson, K."]
[Black "Butler, G."]
[Result "1-0"]
[WhiteElo "1605"]
[BlackElo "1605"]
[PlyCount "37"]
[EventDate "1995.??.??"]

{3/(45)} 1. d4 d5 2. c4 dxc4 3. Nc3 Nc6 4. e3 Nf6 5. Bxc4 e6 6. Nf3 Bb4 7. Bd2
O-O 8. O-O Re8 9. a3 Bxc3 10. Bxc3 Qd6 11. h3 a6 12. Bb3 Ne4 13. Qd3 Nxc3 14.
bxc3 Rd8 15. Bc2 e5 16. Qxh7+ Kf8 17. dxe5 Nxe5 18. Rad1 Qe7 19. Qh8# 1-0

[Event "Eastpointe (EDO/4/11)"]
[Site "?"]
[Date "1995.??.??"]
[Round "?"]
[White "Jackson, J."]
[Black "Iyer, Krishnan"]
[Result "1-0"]
[WhiteElo "1800"]
[BlackElo "1605"]
[PlyCount "95"]
[EventDate "1995.??.??"]

{4/(11)} 1. e4 c5 2. Nf3 Nc6 3. d4 cxd4 4. Nxd4 g6 5. c4 Bg7 6. Be3 e6 7. Nc3
Nge7 8. Be2 a6 9. O-O O-O 10. Rc1 d5 11. cxd5 exd5 12. exd5 Nxd5 13. Nxd5 Qxd5
14. Nxc6 bxc6 15. b3 Bd7 16. Bf3 Qxd1 17. Rfxd1 Be6 18. Rxc6 Rfc8 19. Rdc1 a5
20. Rxc8+ Rxc8 21. Rxc8+ Bxc8 22. Bd2 a4 23. bxa4 Bf8 24. Bd5 Bd6 25. a5 Ba6
26. a4 Kf8 27. Bc6 Bc7 28. Bb5 Bb7 29. a6 Ba8 30. Be3 Ke7 31. Bc5+ Kd8 32. g3
f5 33. Kf1 Bf3 34. Be2 Bc6 35. a7 Kc8 36. f4 Kb7 37. Kf2 Bb6 38. Bxb6 Kxb6 39.
Bc4 Kxa7 40. Bg8 h6 41. Bf7 g5 42. Ke3 Bxa4 43. Kd4 Kb6 44. Ke5 Bc2 45. Bg6 Kc5
46. Bxf5 Bd1 47. Be6 Bc2 48. f5 1-0

[Event "Eastpointe (EDO/5/7)"]
[Site "?"]
[Date "1995.??.??"]
[Round "?"]
[White "Jackson, J."]
[Black "Gentry, Bronson"]
[Result "1-0"]
[WhiteElo "1800"]
[BlackElo "1605"]
[PlyCount "46"]
[EventDate "1995.??.??"]

{5/(7)} 1. e4 c5 2. Nf3 Nc6 3. d4 cxd4 4. Nxd4 g6 5. c4 Bg7 6. Be3 Nf6 7. Nc3
Qa5 8. Nb3 Qe5 9. f3 O-O 10. Qd2 Qc7 11. Be2 d6 12. Rc1 Nd7 13. Nd5 Qd8 14. O-O
f5 15. exf5 Rxf5 16. Bd3 Rf8 17. Bh6 Nde5 18. Bxg7 Kxg7 19. Be4 e6 20. Ne3 Rb8
21. Rfd1 Nf7 22. Qc3+ Kg8 23. Ng4 Ng5 1-0

[Event "Lansing (Mini-Swiss.3/1)"]
[Site "?"]
[Date "1995.??.??"]
[Round "?"]
[White "Jackson, Don"]
[Black "Venia, A."]
[Result "1-0"]
[WhiteElo "1605"]
[BlackElo "1605"]
[PlyCount "93"]
[EventDate "1995.??.??"]

{3/(1)} 1. g4 e6 2. Bg2 d5 3. h3 Nf6 4. c4 c6 5. Nc3 dxc4 6. Qa4 Bd6 7. Qxc4
O-O 8. d4 Nbd7 9. a3 e5 10. d5 cxd5 11. Nxd5 Nb6 12. Nxf6+ Qxf6 13. Qc2 Rb8 14.
Be3 Nd7 15. Bxa7 Ra8 16. Be3 Qe7 17. Be4 Nf6 18. Bg5 g6 19. Nf3 Qe6 20. Bxf6
Qxf6 21. g5 Qe7 22. h4 Bg4 23. Qb3 Rab8 24. Qe3 f6 25. h5 Bxh5 26. Rxh5 gxh5
27. g6 hxg6 28. Bxg6 Qg7 29. Nh4 Rfc8 30. Qg3 Kh8 31. Nf5 Qd7 32. Qh3 Bc5 33.
Qxh5+ Kg8 34. Qg4 Rc7 35. Be8+ Kh8 36. Bxd7 Rxd7 37. Qh4+ Kg8 38. Qc4+ Kh8 39.
Qxc5 Kg8 40. Qc4+ Kh8 41. Qg4 b5 42. f3 Rbb7 43. Kf2 Rd2 44. Qh5+ Kg8 45. Rg1+
Kf8 46. Qh8+ Kf7 47. Qg8# 1-0

[Event "Lansing (Mini-Swiss.3/1)"]
[Site "?"]
[Date "1995.??.??"]
[Round "?"]
[White "Jackson, Don"]
[Black "Jensen, Robert"]
[Result "0-1"]
[WhiteElo "1605"]
[BlackElo "1605"]
[PlyCount "72"]
[EventDate "1995.??.??"]

{3/(1)} 1. d4 d5 2. Nf3 Nf6 3. Bg5 Nc6 4. e3 h6 5. Bxf6 exf6 6. Bd3 Bg4 7. Nbd2
Qe7 8. O-O O-O-O 9. c3 g5 10. Qa4 a6 11. Bxa6 Bd7 12. Bd3 Nb8 13. Qc2 h5 14. c4
Be6 15. cxd5 Bxd5 16. e4 Be6 17. d5 Bg4 18. Nc4 Nd7 19. d6 Qe8 20. dxc7 Kxc7
21. Nd4 Nc5 22. Nd2 Rxd4 23. Bc4 Qa4 24. Qc3 Rxd2 25. b3 Qd7 26. Bd5 Kb8 27.
Qxd2 h4 28. f3 Be6 29. Qc3 Bxd5 30. exd5 Qxd5 31. Rfd1 Qe5 32. Qc4 Bd6 33. Rxd6
Qxd6 34. Qxf7 Qe6 35. Qg6 h3 36. Qxg5 fxg5 0-1

[Event "Lansing (Mini-Swiss.3/2)"]
[Site "?"]
[Date "1995.??.??"]
[Round "?"]
[White "Jackson, Don"]
[Black "Hosking, R."]
[Result "1-0"]
[WhiteElo "1605"]
[BlackElo "1605"]
[PlyCount "71"]
[EventDate "1995.??.??"]

{3/(2)} 1. g4 d5 2. h3 e5 3. Bg2 Be6 4. c4 c6 5. d4 Bb4+ 6. Bd2 Bxd2+ 7. Qxd2
e4 8. Nc3 h6 9. Qf4 Nd7 10. e3 Ne7 11. f3 exf3 12. Nxf3 Qa5 13. O-O O-O 14.
cxd5 Nxd5 15. Nxd5 Bxd5 16. e4 Bc4 17. Rfc1 Be6 18. Bf1 Qb6 19. b3 Rac8 20. Kg2
Nf6 21. Bc4 Bxc4 22. bxc4 Qc7 23. e5 Nh7 24. Qe4 Qe7 25. h4 Rfd8 26. Rh1 Qe6
27. g5 h5 28. g6 Qxg6+ 29. Qxg6 fxg6 30. Rad1 Kf7 31. Rhf1 Ke6 32. Kg3 Rc7 33.
Rg1 Rf7 34. Kf2 Kf5 35. Ke3 Nf8 36. Rgf1 1-0

[Event "Lansing (Mini-Swiss.3/3)"]
[Site "?"]
[Date "1995.??.??"]
[Round "?"]
[White "Jackson, Don"]
[Black "Brumley, Ron"]
[Result "1/2-1/2"]
[WhiteElo "1605"]
[BlackElo "1605"]
[PlyCount "95"]
[EventDate "1995.??.??"]

{3/(3)} 1. g4 d5 2. h3 f5 3. g5 e5 4. h4 h6 5. d4 e4 6. Bf4 Be7 7. e3 hxg5 8.
Be5 Rh7 9. h5 Nc6 10. h6 Nxe5 11. dxe5 gxh6 12. Qh5+ Rf7 13. Qg6 Kf8 14. e6 Rf6
15. Qh5 Bxe6 16. Nd2 c6 17. O-O-O Qa5 18. Kb1 d4 19. Nb3 Bxb3 20. cxb3 d3 21.
Rc1 Bb4 22. Qd1 Rd8 23. Rc4 Be1 24. Nf3 d2 25. Rd4 Rfd6 26. b4 Qc7 27. Bh3 Bxf2
28. Qxd2 Bxe3 29. Qxe3 exf3 30. Qe5 g4 31. Qxf5+ Nf6 32. Rxg4 Qh7 33. Rg6 Kf7
34. Rxf6+ Kg7 35. Rg1+ Kh8 36. Rxd6 Qxf5+ 37. Bxf5 Rxd6 38. Rf1 Rd4 39. Rxf3
Rxb4 40. Rh3 Kg7 41. Bc2 Rf4 42. Rg3+ Kf7 43. b3 h5 44. Bg6+ Kf6 45. Bxh5 Rf1+
46. Kb2 Rf2+ 47. Ka3 c5 48. Rf3+ {White was low on time and offered a draw.}
1/2-1/2